<?xml version="1.0" encoding="UTF-8"?><?xml-stylesheet type="text/xsl" href="static/style.xsl"?><OAI-PMH xmlns="http://www.openarchives.org/OAI/2.0/" xmlns:xsi="http://www.w3.org/2001/XMLSchema-instance" xsi:schemaLocation="http://www.openarchives.org/OAI/2.0/ http://www.openarchives.org/OAI/2.0/OAI-PMH.xsd"><responseDate>2026-04-27T14:39:32Z</responseDate><request verb="GetRecord" identifier="oai:uvadoc.uva.es:10324/83122" metadataPrefix="marc">https://uvadoc.uva.es/oai/request</request><GetRecord><record><header><identifier>oai:uvadoc.uva.es:10324/83122</identifier><datestamp>2026-02-26T20:01:47Z</datestamp><setSpec>com_10324_1183</setSpec><setSpec>com_10324_931</setSpec><setSpec>com_10324_894</setSpec><setSpec>col_10324_1396</setSpec></header><metadata><record xmlns="http://www.loc.gov/MARC21/slim" xmlns:doc="http://www.lyncode.com/xoai" xmlns:xsi="http://www.w3.org/2001/XMLSchema-instance" xmlns:dcterms="http://purl.org/dc/terms/" xsi:schemaLocation="http://www.loc.gov/MARC21/slim http://www.loc.gov/standards/marcxml/schema/MARC21slim.xsd">
<leader>00925njm 22002777a 4500</leader>
<datafield tag="042" ind1=" " ind2=" ">
<subfield code="a">dc</subfield>
</datafield>
<datafield tag="720" ind1=" " ind2=" ">
<subfield code="a">Antón-Fernández, Clara</subfield>
<subfield code="e">author</subfield>
</datafield>
<datafield tag="720" ind1=" " ind2=" ">
<subfield code="a">Froese, Robert E.</subfield>
<subfield code="e">author</subfield>
</datafield>
<datafield tag="260" ind1=" " ind2=" ">
<subfield code="c">2015</subfield>
</datafield>
<datafield tag="520" ind1=" " ind2=" ">
<subfield code="a">We present a revised estimator for the sampling error of local competition variables that builds on the conceptual framework given by Stage and Wykoff (Stage, A.R., and Wykoff, W.R. For. Sci. 44(2): 224–238, 1998). Accurate estimation of the sampling error of local competition variables is a requisite for most approaches that correct the effects of measurement error in model fitting and application. Our revision addresses the bias inherent in Stage and Wykoff's estimator due to the overlapping of random samples that are constrained to include a subject tree. We also argue that the adjustment that Stage and Wykoff used to account for the absence of treeless plots (zero truncation) is unnecessary. We illustrate the performance of the new estimator and the estimator of Stage and Wykoff through simulation. For a hypothetical Poisson forest (800 trees·ha−1; mean diameter at breast height, 9.8 cm), bias is negligible for the new estimator, and variance is reduced by 92%.</subfield>
</datafield>
<datafield tag="024" ind2=" " ind1="8">
<subfield code="a">Canadian Journal of Forest Research, vol.  45, n. 12, p. 1860–65</subfield>
</datafield>
<datafield tag="024" ind2=" " ind1="8">
<subfield code="a">0045-5067</subfield>
</datafield>
<datafield tag="024" ind2=" " ind1="8">
<subfield code="a">https://uvadoc.uva.es/handle/10324/83122</subfield>
</datafield>
<datafield tag="024" ind2=" " ind1="8">
<subfield code="a">10.1139/cjfr-2015-0162</subfield>
</datafield>
<datafield tag="024" ind2=" " ind1="8">
<subfield code="a">1860</subfield>
</datafield>
<datafield tag="024" ind2=" " ind1="8">
<subfield code="a">12</subfield>
</datafield>
<datafield tag="024" ind2=" " ind1="8">
<subfield code="a">1865</subfield>
</datafield>
<datafield tag="024" ind2=" " ind1="8">
<subfield code="a">Canadian Journal of Forest Research</subfield>
</datafield>
<datafield tag="024" ind2=" " ind1="8">
<subfield code="a">45</subfield>
</datafield>
<datafield tag="024" ind2=" " ind1="8">
<subfield code="a">1208-6037</subfield>
</datafield>
<datafield tag="245" ind1="0" ind2="0">
<subfield code="a">An improved estimator for the sampling error of local competition variables</subfield>
</datafield>
</record></metadata></record></GetRecord></OAI-PMH>